000 01100nam a2200217Ia 4500
003 Ost
005 20260507075458.0
008 260507s9999||||xx |||||||||||||| ||und||
040 _cfsecg
041 _aara
082 _a657.46
100 _aالخطيب، خالد
_eمؤلف
245 0 _aعلم تدقيق الحسابات النظري والعملي /
_c خالد الخطيب
260 _aعمان:
_bدار المستقبل,
_c2009
300 _a219 صفحة؛
_bإيضاحات ؛
_c24 سم
504 _aببليوغرافيا: ص.218
520 _aالتطور التاريخي للتدقيق،أنواع التدقيق،الأخطاء والغش،قواعد التدقيق،قواعد السلوك المهني،تقرير مدققي الحسابات،مدقق الحسابات،إجراءات تنفيذ عملية التدقيق،تدقيق عمليات المشروع،تحقيق الموجودات الثابتة،الرقابة الداخلية
653 _aالمحاسبة التحليلية
700 _aخليل، الرفاعي
_eمؤلف ثانوي
942 _cكتاب
999 _c44681
_d44681